|
|
|
|
| LEADER |
00000cam a2200000 7i4500 |
| 001 |
0000030270 |
| 005 |
20220105104046.0 |
| 008 |
110118 |
| 020 |
|
|
|a 9838476080
|
| 090 |
0 |
0 |
|a JP
|b MAL
|
| 100 |
0 |
|
|a Sang Kuriang
|
| 245 |
1 |
0 |
|a Kura-kura dengan cengkerangnya
|c Sang Kuriang
|
| 260 |
|
|
|a KL :
|b BUKU MUST ,
|c 2006
|
| 440 |
|
|
|a Siri seloka rimba
|
| 500 |
|
|
|a Children age 4-6 years old (yellow)
|
| 650 |
|
0 |
|a Malay language
|x Readers
|
| 999 |
|
|
|a 0001053581
|b Book
|c Children Collection
|e Cawangan Segamat
|
| 999 |
|
|
|a 0001053582
|b Book
|c Children Collection
|e Cawangan Mersing
|
| 999 |
|
|
|a 0001068964
|b Book
|c Children Collection
|e Perbadanan Perpustakaan Awam Johor
|